Sliač kúpele

Bibliographic Details
Format: Book
Language:Slovak
English
German
PhysicalDescription:12 nečíslovaných strán fotografie 21 cm
Published: [Sliač] [vydavateľ nie je známy] [2003?]
Subjects:

MARC

LEADER 00000nam a2200000 4500
001 vtls011764465
003 SK-MaSNL
005 20260301183317.0
008 210701q2003 xo o e 000 0 slo
015 |a SNBE2020 
020 |q (brožované) 
035 |a urn:nbn:sk:snk-am00fbrt 
035 |a urn:nbn:sk:snk-am3ipzb 
035 |a 6B86669E-9805-431A-B3BD-54303F76F93D 
040 |a SNK  |b slo  |c SNK  |e rda 
041 0 |a slo  |a eng  |a ger 
043 |a e-xo--- 
044 |a xo  |c SK 
072 7 |a 615.8  |x Fyzioterapia. Psychoterapia. Alternatívna medicína  |2 konspekt 
080 |a 711.455:615.838  |2 2011 
080 |a 615.838  |2 2011 
080 |a (437.641)  |2 2011 
080 |a (036)  |2 2011 
245 0 0 |a Sliač  |b kúpele 
246 3 1 |a Sliač  |b Spa 
246 3 1 |a Sliač  |b Heilbad 
264 1 |a [Sliač]  |b [vydavateľ nie je známy]  |c [2003?] 
300 |a 12 nečíslovaných strán  |b fotografie  |c 21 cm 
336 |a text  |b txt  |2 rdacontent 
336 |a statický obraz  |b sti  |2 rdacontent 
337 |a bez média  |b n  |2 rdamedia 
338 |a zväzok  |b nc  |2 rdacarrier 
500 |a Názov z obálky 
546 |a Súbežný text v angličtine a nemčine 
650 0 7 |a kúpele  |2 SNKPH  |9 1139 
650 0 7 |a kúpeľná starostlivosť  |2 SNKPH  |9 1142 
650 0 7 |a Spa  |2 SNKPHeng  |9 266271 
650 0 7 |a Spa care  |2 SNKPHeng  |9 344607 
651 7 |a Sliač (Slovensko)  |2 SNKPH  |9 17143 
651 7 |a Sliač (Slovakia)  |2 SNKPHeng  |9 406902 
655 7 |a informačné publikácie  |2 SNKPH  |9 70181 
655 7 |a Information publications  |2 SNKPHeng  |9 265188 
958 |a OND 
999 |c 856556  |d 858486 
952 |a SNK  |b SNK  |y PREZ  |7 0  |p 17A1126066  |o snkOSC 28473  |i snk2018/13917  |8 1  |0 0  |1 0  |4 0  |d 2018-06-28  |f 1  |l 0  |r 2026-02-24 04:59:28  |w 2026-02-24